000 00337nam a22001457a 4500
020 _a978-93-5090-975-1
082 _a617.645,M14P
100 _aPREMKUMAR,SRIDHAR
245 _aMANUAL OF PEDIATRIC DENTISTRY
250 _a1ST
260 _aNEW DELHI
_bJAYPEE BROTHERS
_c2014
300 _a889
650 _aPEDODONTICS
942 _2ddc
_cBK
999 _c9818
_d9818